| 000 | 00951nam a22002777a 4500 | ||
|---|---|---|---|
| 001 | 5470 | ||
| 003 | FISKH | ||
| 005 | 20241210101525.0 | ||
| 008 | 241210b cb ||||| |||| 00| 0 eng d | ||
| 020 | _a9780545591959 | ||
| 040 |
_aFISKH _beng _cFISKH _dFISKH |
||
| 050 | _aHD9481.U52 | ||
| 082 | _a621.5 | ||
| 100 | _aPringle, Laurence | ||
| 245 |
_aIce : _bthe amazing history of the ice bussiness / _cby Laurence Pringle |
||
| 260 |
_aNew York : _bScholastic ; _c2012. |
||
| 300 |
_a74 pages: _billustrations ; _c25 cm . |
||
| 505 | _aZ | ||
| 520 | _aPresents a history of the ice business, detailing the processes of harvesting, storage, and distribution, with particular emphasis on activities at Rockland Lake, the "Icebox of New York City." | ||
| 521 | 8 |
_a1060
_bLexile |
|
| 521 | 8 |
_aZ
_bRaz-Plus |
|
| 650 |
_aAmerican history _vNon-fiction |
||
| 700 |
_aWeise, Carla _eDesigner |
||
| 942 |
_2ddc _cBK _n0 |
||
| 999 |
_c5470 _d5470 |
||